Click to Translate - Khmer - Statistics

General Stats
  • This quiz has been taken 271 times
  • The average score is 6 of 20
Answer Stats
Hint Answer % Correct
Yes បាទ (bat)
49%
Me ខ្ញុំ (khnhom)
35%
Hour ម៉ោង (maong)
35%
Green បៃតង (baitang)
30%
Mouth មាត់ (meat)
30%
Rain ភ្លៀង (phlieng)
30%
Bicycle កង់ (kng)
29%
Farmer កសិករ (ksekar)
28%
Today ថ្ងៃនេះ (thngainih)
28%
Boy ក្មេងប្រុស (kmengobros)
27%
Bridge ស្ពាន (span)
27%
Cold ត្រជាក់ (trachak)
25%
Above ខាងលើ (khangleu)
23%
Hospital មន្ទីរពេទ្យ (montirpet)
23%
Write សរសេរ (sarser)
23%
Book សៀវភៅ (sievphow)
23%
Spoon ស្លាបព្រា (slabaprea)
23%
Breakfast អាហារពេលព្រឹក (ahar pelopruk)
22%
Hotel សណ្ឋាគារ (santhakar)
22%
Map ផែនទី (phenti)
20%
No matching quizzes found
Score Distribution
Percent of People with Each Score
Percentile by Number Answered
Your Score History
You have not taken this quiz